Countries of Europe in 1914 (Before WWI) - Statistics

General Stats
  • This quiz has been taken 762 times
    749 since last reset
  • The average score is 22 of 25
Answer Stats
Country % Correct
Germany
97%
Russia
95%
United Kingdom
95%
Spain
93%
Sweden
93%
France
92%
Norway
92%
Portugal
91%
Belgium
89%
Greece
88%
Italy
88%
Netherlands
88%
Bulgaria
87%
Denmark
87%
Austria-Hungary
86%
Romania
86%
Serbia
86%
Albania
84%
Andorra
84%
Luxembourg
82%
Switzerland
81%
Liechtenstein
76%
San Marino
76%
Monaco
72%
Montenegro
67%
No matching quizzes found
Score Distribution
Percent of People with Each Score
Percentile by Number Answered
Your Score History
You have not taken this quiz since the last reset